000 01858cam a22004454i 4500
003 PE-LiUPU
005 20250731172923.0
008 150623s r 000 0 d
020 _a0798705035
035 _a(Sirsi) i9780798705035
040 _aPE-LiUPU
_bspa
_cPE-LiUPU
_erda
049 _aPRUA
082 0 4 _a221.066
_bW96
_221
245 0 0 _aWitnesses to the old testament; introducing old testament textual criticism /
_cEditado por F. E. Deist.
264 1 _aPretoria, Southafrica :
_bNG Kerkboekhandel,
_c1988.
300 _a225 páginas ;
_c25 centímetros
336 _atext
_2rdacontent
337 _aunmediated
_2rdamedia
338 _avolume
_2rdacarrier
505 0 _aThe aims and history of old testament textual criticism. -Some hebrew witnesses to the old testament. -Samaritan texts as witnesses to the testament. -Aramaic witnesses to the old testament. -Greek witnesses to the old testament. -Syriac witnesses to the old testament. -Latin witnesses to the old testament. -Other ancient translation witnessing to the old testament. -The task and methods of old testament textual criticism.
526 _aSEG42
526 _aSEG41
526 _aSEG40
526 _aSEG39
526 _aP94
526 _aP87
526 _aP86
526 _aP85
526 _aP77
526 _aP76
526 _aP35
630 _aBiblia.
_pA.T.
_xCrítica, interpretación, etc.
700 1 _aDeist, F. E.,
_eed.
942 _2ddc
_cBOOK
949 _a221.066 W96
_wDEWEY
_c1
_i43815
_lCCODEBUL1
_mBUL
_r0
_sY
_tBOOK
_u2015-6-24
_xTEOLOGIA
_PP35
_0COMPRA
_o.STAFF. Colección General
994 _aC0
_bPEPRU
596 _a1
999 _a221.066 W96
_wDEWEY
_c20218
_i43815
_f2021-11-9
_g5
_lCCODEBUL1
_mBUL
_r0
_sY
_tBOOK
_u2015-6-24
_xTEOLOGIA
_PP35
_0COMPRA
_o.STAFF. Colección General
_d20218
980 _81
_gALBERTO SANCHEZ Responsable de Automatización